000 00359 a2200109 4500
001 ART_23946
005 20260410161933.0
008 260409a
245 1 0 _aSobre la genuinidad de los ingresos fiscales por derechos de exportación
100 1 _aPablo, Juan Carlos de
773 0 _tInforme
_g- Año VIII, Nº 46 (ene./mar. 1976)
_wREV23765
999 _c28749
_d28749